Statistiques concernant Ronaldo, Mcdo ou les 2

Cliquez ici pour prendre le quiz!

Statistiques générales

  • Ce quiz a été pris 96 fois
  • Le résultat moyen est 9 sur 10

Statistiques - réponses

QuestionRéponse% Correct
Il est le meilleurs buteurs de l'histoire du foot
98%
Il faut payer seulement 4,95€ pour le déguster
96%
Il n'est pas bon pour la santé
91%
Il a osé nous proposer des frites au légumes qui on flop
91%
Il est l'antagoniste de la LDC en personne
90%
Il est reconnu dans le monde entiers
90%
Il a plus de 5M d'abonnés sur Instagram
80%
Il gagne 200M par an grâce a un club
80%
Il est meilleurs selon les pays ou il est
79%
Messi la déjà manger plus d'une fois
60%

Distribution des résultats

Percentile par nombre de réponses

% des personnes avec chaque résultat

Votre développement - résultats

Vous n’avez pas pris ce quiz